Developing an IFAD gender strategy for Latin America and the Cribbean /
En este capitulo la autora habla sobre las vida rural en El Salvador, se presentan datos de las entrevistas realizadas a las participantes del estudio, donde se revelan las características del género en el diario vivir. Ellas hablan acerca de la división del trabajo entre hombres y mujeres, de la po...
Saved in:
| Main Author: | |
|---|---|
| Other Authors: | |
| Format: | Text |
| Language: | Spanish |
| Published: |
Rome:
CEDLA
|
| Subjects: | |
| Tags: |
Add Tag
No Tags, Be the first to tag this record!
|
MARC
| LEADER | 00000 a a2200000 04500 | ||
|---|---|---|---|
| 001 | 37428 | ||
| 003 | cru IIS | ||
| 005 | 20230629134405.0 | ||
| 008 | 230629b |||||||| |||| 00| 0 spa d | ||
| 020 | |a 92-9072-043-3 | ||
| 040 | |c CRAI/IIS | ||
| 090 | |a 0003 V297p | ||
| 100 | |a Vargas - Lundius, Rosemary | ||
| 245 | |a Developing an IFAD gender strategy for Latin America and the Cribbean / |c Rosemary Vargas - Lundius | ||
| 260 | |a Rome: |b CEDLA | ||
| 300 | |a 123-150 p. |b il. | ||
| 520 | |a En este capitulo la autora habla sobre las vida rural en El Salvador, se presentan datos de las entrevistas realizadas a las participantes del estudio, donde se revelan las características del género en el diario vivir. Ellas hablan acerca de la división del trabajo entre hombres y mujeres, de la pobreza y la violencia | ||
| 650 | |a GENERO | ||
| 650 | |a TEORIA SOCIAL | ||
| 650 | |a VIOLENCIA | ||
| 650 | |a POBREZA | ||
| 650 | |a EL SALVADOR | ||
| 700 | |a Ypeij, Annelou |a colab. | ||
| 773 | 0 | |0 6331 |9 9407 |a Vargas - Lundius, Rosemary |d Rome: CEDLA |o 04568 |t Polishing the stone: a journey through the promotion of gender equality in development projects / |w ()37411 |z 92-9072-043-3 | |
| 942 | |2 ddc |c LI | ||
| 999 | |c 12057 |d 12057 | ||



